[Event "Gallarate Ricciardi op 18th"]
[Site "Gallarate"]
[Date "2014.06.03"]
[Round "4"]
[White "Virgilio, Gianluca"]
[Black "Pogliano, Stefano"]
[Result "1-0"]
[WhiteElo "1787"]
[BlackElo "2012"]
[PlyCount "97"]
[EventDate "2014.05.13"]
[EventType "swiss"]
[EventRounds "6"]
[EventCountry "ITA"]
[SourceTitle "EXT 2024"]
[Source "ChessBase"]
[SourceDate "2023.10.10"]
[SourceVersion "1"]
[SourceVersionDate "2023.10.10"]
[SourceQuality "1"]

1. d4 Nf6 2. Nf3 c5 3. e3 e6 4. Bd3 d5 5. c3 Nc6 6. Nbd2 Be7 7. 0-0 0-0 8. Qe2 Qc7 9. dxc5 Bxc5 10. e4 dxe4 11. Nxe4 Nxe4 12. Qxe4 f5 13. Qh4 Be7 14. Bg5 Bf6 15. Rfe1 Bd7 16. Qc4 Kh8 17. Bxf6 Rxf6 18. Ne5 Rc8 19. Nxc6 Qxc6 20. Qxc6 Rxc6 21. Bb5 Rc7 22. Rad1 Rf7 23. Rxe6 g6 24. Bxd7 Rcxd7 25. Red6 Rde7 26. Kf1 Kg7 27. c4 Rc7 28. R1d4 Rfe7 29. b4 a6 30. f3 Kf7 31. Kf2 Re6 32. Rxe6 Kxe6 33. Ke3 g5 34. g3 h5 35. Kd3 g4 36. f4 h4 37. c5 hxg3 38. hxg3 Rh7 39. Kc4 Rh2 40. a4 Rc2+ 41. Kb3 Rg2 42. Rd3 Rg1 43. b5 a5 44. c6 bxc6 45. bxc6 Rc1 46. Rc3 Rb1+ 47. Kc2 Rb8 48. c7 Rc8 49. Kd3 1-0

[Event "Robecchetto Spring 11th A"]
[Site "Robecchetto"]
[Date "2014.04.24"]
[Round "3"]
[White "Barrera, Pietro"]
[Black "Virgilio, Gianluca"]
[Result "1-0"]
[WhiteElo "1925"]
[BlackElo "1787"]
[PlyCount "77"]
[EventDate "2014.04.10"]
[EventType "swiss"]
[EventRounds "7"]
[EventCountry "ITA"]
[SourceTitle "EXT 2024"]
[Source "ChessBase"]
[SourceDate "2023.10.10"]
[SourceVersion "1"]
[SourceVersionDate "2023.10.10"]
[SourceQuality "1"]

1. e4 c5 2. Nc3 g6 3. f4 Bg7 4. Nf3 Nc6 5. Bb5 e6 6. Bxc6 bxc6 7. 0-0 Ne7 8. d3 d5 9. Qe1 Rb8 10. Qg3 Ba6 11. Re1 0-0 12. Qh4 Nc8 13. Qf2 Qe7 14. exd5 Bxc3 15. bxc3 cxd5 16. Ba3 Nd6 17. Bxc5 Rb2 18. Ba3 Rb5 19. Nd4 Rb7 20. Rab1 Rc8 21. Rxb7 Bxb7 22. Rb1 Ba6 23. Qe1 Qd7 24. Qe5 Nb7 25. Bb4 Qc7 26. Re1 Qxe5 27. Rxe5 Nc5 28. g4 Nd7 29. Re1 Kg7 30. a4 Nb6 31. f5 Nxa4 32. fxe6 fxe6 33. Rxe6 Nb6 34. Re7+ Kh6 35. Rxa7 Ra8 36. Rxa8 Nxa8 37. h4 g5 38. h5 Bc8 39. Bf8# 1-0

[Event "Robecchetto Autunn op 10th"]
[Site "Robecchetto"]
[Date "2013.10.10"]
[Round "2"]
[White "Colombo, Maurizio"]
[Black "Virgilio, Gianluca"]
[Result "1/2-1/2"]
[WhiteElo "1786"]
[BlackElo "1795"]
[PlyCount "101"]
[EventDate "2013.10.03"]
[EventType "swiss"]
[EventRounds "7"]
[EventCountry "ITA"]
[SourceTitle "EXT 2015"]
[Source "ChessBase"]
[SourceDate "2014.11.20"]
[SourceVersion "1"]
[SourceVersionDate "2014.11.20"]
[SourceQuality "1"]

1. d4 Nf6 2. Nf3 g6 3. c4 Bg7 4. Nc3 d5 5. Bf4 0-0 6. e3 c5 7. dxc5 Qa5 8. Rc1 Rd8 9. Qa4 Qxc5 10. b4 Qc6 11. Qa3 Bf5 12. b5 Qe8 13. cxd5 Nxd5 14. Nxd5 Rxd5 15. Bc4 Rd8 16. Ng5 e6 17. e4 h6 18. Nxf7 Kxf7 19. exf5 gxf5 20. Qb3 Nd7 21. 0-0 Nb6 22. Be2 Kg8 23. Qg3 Kh7 24. Rc7 Rd7 25. Rfc1 Nd5 26. Bh5 Nxf4 27. Rxd7 Qxd7 28. Qxf4 Rd8 29. h3 Qxb5 30. Qg3 Qe5 31. Qg6+ Kh8 32. Qf7 Qb2 33. Rc7 Qa1+ 34. Kh2 Be5+ 35. g3 Bxc7 36. Qxc7 Qd4 37. Kg2 Rd7 38. Qc8+ Rd8 39. Qc7 Qd7 40. Qe5+ Kg8 41. Qf6 Qc6+ 42. Bf3 Qb6 43. Qxh6 Rd7 44. Qg6+ Kf8 45. Bh5 Ke7 46. Qg5+ Kd6 47. Qf4+ Kc5 48. Qc1+ Kb4 49. Qb2+ Kc5 50. Qc1+ Kd6 51. Qf4+ 1/2-1/2

[Event "Lesa op 1st"]
[Site "Lesa"]
[Date "2012.10.12"]
[Round "1"]
[White "Virgilio, Gianluca"]
[Black "Angelini, Marco"]
[Result "0-1"]
[WhiteElo "1825"]
[BlackElo "2239"]
[PlyCount "134"]
[EventDate "2012.10.12"]
[EventType "swiss"]
[EventRounds "5"]
[EventCountry "ITA"]
[SourceTitle "EXT 2015"]
[Source "ChessBase"]
[SourceDate "2014.11.20"]
[SourceVersion "1"]
[SourceVersionDate "2014.11.20"]
[SourceQuality "1"]

1. c4 c6 2. g3 e6 3. Bg2 d5 4. Nf3 Nd7 5. b3 Ngf6 6. 0-0 b6 7. Bb2 Bb7 8. d3 Qc7 9. Nc3 Be7 10. cxd5 exd5 11. Rc1 0-0 12. Nd4 Qd8 13. Nf5 Re8 14. Qd2 Bf8 15. Qg5 Kh8 16. e4 Ne5 17. Rfd1 d4 18. Nb1 c5 19. Na3 h6 20. Qd2 g6 21. Nh4 Kh7 22. Nc4 Nfg4 23. Nf3 Nxc4 24. bxc4 h5 25. Qc2 Bc6 26. h3 Nh6 27. Re1 Bg7 28. Re2 Qd7 29. Rce1 Qb7 30. Bc1 f6 31. Nh2 Nf7 32. f4 Re7 33. Nf3 Rae8 34. Nd2 Bh6 35. Nf1 Qc7 36. Rf2 f5 37. e5 Nd8 38. Nh2 Bxg2 39. Rxg2 Ne6 40. Qe2 h4 41. Qf3 hxg3 42. Qxg3 Rg7 43. h4 a6 44. Ree2 b5 45. Rc2 b4 46. Nf3 a5 47. Ng5+ Bxg5 48. hxg5 Kg8 49. Rh2 Qc6 50. Qg2 Qxg2+ 51. Rcxg2 a4 52. Kf1 Ra8 53. Ke1 Ra6 54. Rb2 Rb7 55. Kd1 a3 56. Rb1 Raa7 57. Rh6 Nf8 58. Kc2 Rh7 59. Rxh7 Rxh7 60. Bd2 Rh2 61. Rd1 Rf2 62. Rh1 Ne6 63. Rh4 Rf1 64. Kb3 Rb1+ 65. Ka4 Rb2 66. Bc1 Rxa2 67. Kb3 Rf2 0-1

[Event "Genova Primavera op 10th"]
[Site "Genova"]
[Date "2007.03.23"]
[Round "1"]
[White "Virgilio, Gianluca"]
[Black "Brun, Dario"]
[Result "0-1"]
[WhiteElo "1891"]
[BlackElo "2128"]
[PlyCount "90"]
[EventDate "2007.03.23"]
[EventType "swiss"]
[EventRounds "5"]
[EventCountry "ITA"]
[SourceTitle "EXT 2008"]
[Source "ChessBase"]
[SourceDate "2007.11.25"]
[SourceVersion "1"]
[SourceVersionDate "2007.11.25"]
[SourceQuality "1"]

1. e4 e5 2. Nf3 Nc6 3. Bb5 a6 4. Bxc6 dxc6 5. 0-0 Bg4 6. h3 h5 7. d3 Qf6 8. Bg5 Bxf3 9. Bxf6 Bxd1 10. Bxg7 Bxg7 11. Rxd1 Ne7 12. Nd2 0-0-0 13. Nc4 Ng6 14. g3 h4 15. Kg2 Rh5 16. Rh1 f5 17. exf5 Rxf5 18. Ne3 Rf7 19. Rhf1 Bf8 20. Nc4 e4 21. dxe4 Rd4 22. Ne3 Rxe4 23. Rae1 Rfe7 24. c3 hxg3 25. fxg3 Rxe3 26. Rxe3 Rxe3 27. Rf6 Re2+ 28. Kf3 Rxb2 29. Rxg6 Kd7 30. h4 Rxa2 31. h5 Rh2 32. g4 Ke7 33. Kg3 Rc2 34. g5 Rxc3+ 35. Kf4 Rh3 36. Kg4 Rh1 37. Rf6 a5 38. Rf2 Bg7 39. g6 Rg1+ 40. Kh3 Bf6 41. Re2+ Kf8 42. Re6 Kg7 43. Kh2 Rg5 44. h6+ Kxg6 45. h7 Rh5+ 0-1